Teams Samuel Eto'o has played for - Statistics

General Stats
  • This quiz has been taken 23 times
  • The average score is 6 of 13
Answer Stats
Answer % Correct
Barcelona
100%
Inter Milan
100%
Chelsea
81%
Anzhi
62%
Real Madrid
62%
Everton
57%
Mallorca
52%
Sampdoria
38%
Antalyaspor
33%
Konyaspor
19%
Espanyol
10%
Qatar SC
10%
Leganes
5%
No matching quizzes found
Score Distribution
Percent of People with Each Score
Percentile by Number Answered
Your Score History
You have not taken this quiz